000 00661nam a2200181Ia 4500
008 090630s9999 xx 000 0 und d
082 _b11056
100 _aरावजी आशु - कानडे दिनू.
245 _aचंदेरी.
_cरावजी आशु - कानडे दिनू.
260 _bडॉल्फीन - गोवा.
_c1988
300 _a170
600 _aरावजी आशु - कानडे दिनू.
630 _aचंदेरी.
655 _aकादंबरी.
700 _aरावजी आशु - कानडे दिनू.
730 _aचंदेरी.
942 _cBOOK
999 _c262912
_d262912